| 000 | 00755nam a22002177a 4500 | ||
|---|---|---|---|
| 999 |
_c20798 _d20798 |
||
| 003 | AR-CdUCM | ||
| 008 | 190225b ||||| |||| 00| 0 spa d | ||
| 040 |
_aMUNICIPALIDAD PROVINCIAL DEL CUSCO _cBIBLIOTECA MUNICIPAL DEL CUSCO |
||
| 082 |
_a300 / _bSA18 |
||
| 100 |
_aSalazar Larrain, Arturo _92961 |
||
| 245 |
_aLas estructuras sociales de Francisco Miró Quesada : _bGato por liebre / |
||
| 260 |
_aLima : _bJuan Mejia Baca & Villanueva, _c1961. |
||
| 300 |
_a48 páginas ; _c22 cm |
||
| 500 | _a[libro reempastado] | ||
| 505 | _aContenido: El conceptismo Orgiástico -- Multitud de definiciones... | ||
| 650 |
_aEstructuras sociales _943438 |
||
| 650 |
_aMiró Quesada _943439 |
||
| 650 |
_aPolítica _9291 |
||
| 942 |
_2ddc _cLIBROS |
||
| 945 | _aAndy | ||